Los masones

Uloženo v:
Podrobná bibliografie
Hlavní autor: Ridley, Jasper (Autor)
Médium: Kniha
Jazyk:španělština
Vydáno: Buenos Aires B Argentina 2005
Vydání:1a. ed
Edice:Byblos Ensayo. Biografía e Historia, 1734-1
Témata:
Tagy: Přidat tag
Žádné tagy, Buďte první, kdo vytvoří štítek k tomuto záznamu!

MARC

LEADER 00000nam a2200000 a 4500
001 UCK7358
003 CL-VaPUC
008 051118e20050000AG |||||||||||||||||spa|d
020 |a 8466617930 
082 0 4 |a 366.1  |b RID  |2 21 
100 0 |a Ridley, Jasper  |e author  |9 496892 
245 1 4 |a Los masones 
250 |a 1a. ed 
300 |a 477 p 
942 |c BK 
945 |d 20051118 00:00:00  |a cmena 
260 |a Buenos Aires  |b B Argentina  |c 2005 
650 0 |a Masonería   |9 256238 
650 0 |a Sectas  |9 320072 
583 |a last modification  |c 20051118 00:00:00  |k Rodrigo Vera 
490 0 |a Byblos Ensayo. Biografía e Historia, 1734-1 
999 |c 315343  |d 315341 
952 |0 0  |1 0  |4 0  |6 366_100000000000000_RID_2005  |7 0  |8 A  |9 388447  |a BIBTEO  |b BIBTEO  |d 2019-11-22  |i 4180321  |o 366.1 RID 2005  |p 4180321  |r 2025-01-17  |w 2019-11-22  |y BK  |k ICR